书目信息 |
| 题名: |
宋江日记
|
|
| 作者: | 何明敏 著 | |
| 分册: | ||
| 出版信息: | 北京 大众文艺出版社 2004.09 |
|
| 页数: | 182页 | |
| 开本: | 21cm | |
| 丛书名: | ||
| 单 册: | ||
| 中图分类: | B848.4 | |
| 科图分类: | ||
| 主题词: | 成功心理学--cheng gong xin li xue--通俗读物 , 领导学--ling dao xue--通俗读物 | |
| 电子资源: | ||
| ISBN: | 7-80171-540-3 | |
| 000 | 00905nam0 2200241 450 | |
| 001 | 012007042915 | |
| 005 | 20070926170527.76 | |
| 010 | @a7-80171-540-3@dCNY18.00 | |
| 100 | @a20070723d2004 km y0chiy0120 ea | |
| 101 | 0 | @achi |
| 102 | @aCN@b110000 | |
| 105 | @aa z 000yy | |
| 200 | 1 | @a宋江日记@Asong jiang ri ji@e及时雨的“飞升”传奇@f何明敏著@Fhe ming min zhu |
| 210 | @a北京@c大众文艺出版社@d2004.09 | |
| 215 | @a182页@c图@d21cm | |
| 330 | @a本书揭示及时雨宋江从押司飞升到草莽枭雄的权术秘笈,展现优秀领导者的管理智慧,我叫宋江,曾经为自己策划了“及时雨”的绰号,这一步走的很正确,让我得以千回百转地上了梁山。 | |
| 517 | 1 | @a及时雨的“飞升”传奇@Aji shi yu de"fei sheng"chuan qi |
| 606 | 0 | @a成功心理学@Acheng gong xin li xue@j通俗读物 |
| 606 | 0 | @a领导学@Aling dao xue@j通俗读物 |
| 690 | @aB848.4@v4 | |
| 701 | 0 | @a何明敏@Ahe ming min@4著 |
| 801 | 0 | @aCN@c20070926 |
| 905 | @dB848.4@eH194 | |
| 宋江日记:及时雨的“飞升”传奇/何明敏著.-北京:大众文艺出版社,2004.09 |
| 182页:图;21cm |
| ISBN 7-80171-540-3:CNY18.00 |
| 本书揭示及时雨宋江从押司飞升到草莽枭雄的权术秘笈,展现优秀领导者的管理智慧,我叫宋江,曾经为自己策划了“及时雨”的绰号,这一步走的很正确,让我得以千回百转地上了梁山。 |
| ● |
| 相关链接 |
|
|
|
正题名:宋江日记
索取号:B848.4/H194
 
预约/预借
| 序号 | 登录号 | 条形码 | 馆藏地/架位号 | 状态 | 备注 |
| 1 | 246484 | 202464840 | 社科库509/509社科库 43排4列1层/ [索取号:B848.4/H194] | 在馆 | |
| 2 | 246485 | 202464859 | 社科库509/509社科库 43排4列1层/ [索取号:B848.4/H194] | 在馆 | |
| 3 | 246486 | 202464868 | 社科库509/509社科库 43排4列1层/ [索取号:B848.4/H194] | 在馆 |